000 00481nam a2200181Ia 4500
003 GCL
008 140319s9999 xx 000 0 eng d
040 _aGCL /
_cGCL
082 0 4 _a302
_bB A
100 1 _aBURR, VIVIEN
245 1 0 _aAN INTRODUCTION TO SOCIAL CONSTRUCTIONISM /
_cBURR, VIVIEN
260 _a[S.N] :
_bROUTLEDGE ،
_c1995
300 _a198
650 0 4 _aالحضارة الفرعونية
650 0 4 _aCONSTRUCTION
650 0 4 _aSOCIAL SCIENCE
942 _2ddc
_cBK
999 _c10764
_d10764